000 00385nam a22001217a 4500
003 SGT
082 _a301.2
_bR92K
100 _aकपूर, मस्तराम
245 _aराष्ट्रीय एकता का संकट और सांप्रदायिक शक्तियाँ
260 _bलेखक मंच
_c1992
300 _a88
942 _2ddc
_cBK
999 _c29330
_d29330